|
|
|
|
| LEADER |
00803nab a2200205 i 4500 |
| 001 |
acta10509 |
| 005 |
20240508125506.0 |
| 008 |
161015s1934 hu o 000 hun d |
| 022 |
|
|
|a 0324-5411
|
| 040 |
|
|
|a SZTE Egyetemi Kiadványok Repozitórium
|b hun
|
| 041 |
|
|
|a hun
|
| 100 |
1 |
|
|a Iványi Béla
|
| 245 |
1 |
2 |
|a A középkori Eperjes magyarsága
|h [elektronikus dokumentum] :
|b II. közlemény /
|c Iványi Béla
|
| 260 |
|
|
|c 1934
|
| 300 |
|
|
|a 169-176
|
| 490 |
0 |
|
|a Acta litterarum ac scientiarum Regiae Universitatis Francisco-Josephinae : sectio philologico-historica
|
| 650 |
|
4 |
|a Bölcsészettudományok
|
| 650 |
|
4 |
|a Történettudomány és régészet
|
| 695 |
|
|
|a Eperjes - helytörténet, Eperjes története
|
| 856 |
4 |
0 |
|u http://acta.bibl.u-szeged.hu/10509/1/philologica_006_169-176.pdf
|z Dokumentum-elérés
|